ბათუმის შოთა რუსთაველის სახელმწიფო უნივერსიტეტის ბიბლიოთეკა

მოგზაურობა ძველ წიგნსაცავებში (ბიბ.ჩანაწერი № 52810)

000 -LEADER
fixed length control field 00727nam a2200229Ia 4500
001 - CONTROL NUMBER
control field 19840
003 - CONTROL NUMBER IDENTIFIER
control field GE_BSU
008 - FIXED-LENGTH DATA ELEMENTS--GENERAL INFORMATION
fixed length control field 181216s||||||||xx |||||||||||||| ||und||
040 ## - CATALOGING SOURCE
Transcribing agency GE_BSU
080 ## - UNIVERSAL DECIMAL CLASSIFICATION NUMBER
Universal Decimal Classification number 02
100 ## - MAIN ENTRY--PERSONAL NAME
Personal name გამრეკელი,გივი
245 ## - TITLE STATEMENT
Title მოგზაურობა ძველ წიგნსაცავებში
245 ## - TITLE STATEMENT
Statement of responsibility, etc. რედ. ლ.სანიკიძე
260 ## - PUBLICATION, DISTRIBUTION, ETC.
Place of publication, distribution, etc. თბილისი
260 ## - PUBLICATION, DISTRIBUTION, ETC.
Date of publication, distribution, etc. 1991
300 ## - PHYSICAL DESCRIPTION
Extent 88გვ.
653 ## - INDEX TERM--UNCONTROLLED
Uncontrolled term ბიბლიოთეკარი
653 ## - INDEX TERM--UNCONTROLLED
Uncontrolled term მოგზაურობა ძველ წიგნსაცავებში
653 ## - INDEX TERM--UNCONTROLLED
Uncontrolled term ქსეროქსი
942 ## - ADDED ENTRY ELEMENTS (KOHA)
Koha item type წიგნი
ეგზემპლარები
Withdrawn status Lost status Damaged status Not for loan Date acquired Barcode Date last seen Price effective from Koha item type Public note
        2018-12-17 00421 2018-12-17 2018-12-17 წიგნი ქსეროქსი